00676nam a2200229 a 4500008004100000020002200041100001800063245007800081250001200159260002900171300003000200440002200230500006200252500002000314650002900334650001100363700002600374700001900400003000100419005001700420040000900437  a027336135X (pbk.)1 aBurnham, T.H.10aElements of industrial organization,c[by] T.H. Burnham and G.O. Hoskins. a8th ed. aLondon,:bPitman,c1971. av, 298 p.:bill.;c22 cm. aPitman paperbacks aEarlier editions issued as v. 1 of Engineering economics. aIncludes index. 0aIndustrial organization. 0aMoney.1 aHoskins, George Owen.1 aBurnham, T. H.20230123134007.0 cNUST